MARC

LEADER 00000nam0a2200000 4500
001 356083
005 20231102010847.0
035 |a (RuTPU)RU\TPU\retro\13343 
090 |a 356083 
100 |a 20200715d1973 km y0rusy50 ca 
101 0 |a rus 
102 |a RU 
105 |a a z 001zy 
200 1 |a Введение в магнетизм горных пород  |f В. И. Трухин 
210 |a Москва  |c Изд-во Московского ун-та  |d 1973 
215 |a 275 с.  |c ил. 
320 |a Библиогр.: с. 265-272 
606 1 |a Горные породы  |x Магнитные свойства  |x Исследование  |2 stltpush  |3 (RuTPU)RU\TPU\subj\7996  |9 35497 
610 1 |a магнетизм 
610 1 |a намагничивание 
610 1 |a ферромагнитные вещества 
610 1 |a физические основы 
610 1 |a магнитное последствие 
610 1 |a магнитная вязкость 
610 1 |a магнитная минералогия 
675 |a 550.382  |v 4 
700 1 |a Трухин  |b В. И.  |g Владимир Ильич 
801 1 |a RU  |b 63413507  |c 20200715 
801 2 |a RU  |b 63413507  |c 20210315  |g RCR 
942 |c BK